Ephesians: (Record no. 5858)

000 -LEADER
fixed length control field 00620nam a2200193 a 4500
001 - CONTROL NUMBER
control field :::00003600$&:&@@
003 - CONTROL NUMBER IDENTIFIER
control field OkBaRHE
005 - DATE AND TIME OF LATEST TRANSACTION
control field 20000607103308.0
008 - FIXED-LENGTH DATA ELEMENTS--GENERAL INFORMATION
fixed length control field s1971 j 000 0 eng u
040 ## - CATALOGING SOURCE
Transcribing agency
100 1# - MAIN ENTRY--PERSONAL NAME
Personal name Kent Jr., Homer Austin, 1926-
245 10 - TITLE STATEMENT
Title Ephesians:
Remainder of title the glory of the church.
260 ## - PUBLICATION, DISTRIBUTION, ETC. (IMPRINT)
Place of publication, distribution, etc Chicago, IL., :
Name of publisher, distributor, etc Moody Press
Date of publication, distribution, etc 1971
300 ## - PHYSICAL DESCRIPTION
Extent 128 p. ;
Dimensions 20 cm.
490 0# - SERIES STATEMENT
Series statement Everyman's Bible commentary
650 ## - SUBJECT ADDED ENTRY--TOPICAL TERM
Topical term or geographic name as entry element Bible New Testament Ephesians
General subdivision Commentaries
942 ## - ADDED ENTRY ELEMENTS (KOHA)
Source of classification or shelving scheme
Koha item type Books
Copies
Lost status Source of classification or shelving scheme Copy number Barcode Date acquired Price effective from Shelving location Permanent Location Full call number Date last seen Damaged status Withdrawn status Not for loan Koha item type
  136002010-04-142010-04-14General StacksRHEMA Bible Training CollegeBS 2695.3 .K42018-04-03   Books